000 01332nam a2200253Ia 4500
999 _c50335
_d50335
001 17276
003 GE_BSU
005 20200210151953.0
008 181216s2015ge xx |||||||||||||| ||geo||
020 _a15123073
040 _cGE_BSU
041 _ageo
080 _a378(063) ქ-27
245 _aქართული უნივერსიტეტის შრომები :
_bტომი : 1 /
_cსარედ.კოლეგია : სერგო ვარდოსანიძე (მთ.რედ:) ; როინ მეტრეველი ; ივანე წერეთელი და სხვ.
264 _aთბილისი :
_bქართული უნ-ტი,
_c2015.
300 _a284 გვ.:
_c29 სმ.
504 _aბიბლიოგრაფ:გვ.283-284
653 _aქართული უნივერსიტეტის შრომები
653 _aშრომები
700 _aვარდოსანიძე, სერგო
_eმთავარი რედაქტორი
_96949
700 _aმეტრეველი, როინ
_eსარედაქციო კოლეგია
_96950
700 _aწერეთელი, ივანე
_eსარედაქციო კოლეგია
_96951
942 _cBK
_2udc